000 00605nam a2200229Ia 4500
003 OSt
005 20220923225517.0
006 a|||||r|||| 00| 0
007 ta
008 Pun
024 _a270,123
037 _cTextual
040 _aARTS
_cARTS
_bPun
041 _2Pun
_aPun
082 _aO153,1N16x, J8;M1
100 _aਸਿੰਘ, ਪ੍ਰੀਤਮ
_9156291
245 0 _aਆਦਿ ਜੁਗਾਦਿ
260 _c1980
650 _aਪੰਜਾਬੀ ਸਾਹਿਤ
942 _hO153,1N16x, J8;M1
_cTEXL
_2CC
999 _c378720
_d378720